| 000 | 00754nam a2200169Ia 4500 | ||
|---|---|---|---|
| 008 | 090711s9999 xx 000 0 und d | ||
| 082 | _b1597 | ||
| 100 | _aगांधी अश्र्विनी | ||
| 245 | _aस्त्री शरीर विज्ञान (प्रश्नोत्तरी) | ||
| 260 |
_bमराठी विज्ञान परिषद _c1999 |
||
| 300 | _a23 | ||
| 600 | _aगांधी अश्र्विनी | ||
| 630 | _aस्त्री शरीर विज्ञान (प्रश्नोत्तरी) | ||
| 700 | _aगांधी अश्र्विनी | ||
| 730 | _aस्त्री शरीर विज्ञान (प्रश्नोत्तरी) | ||
| 942 | _cBOOK | ||
| 999 |
_c336565 _d336565 |
||